000 00372nam a22001217a 4500
040 _cRUA
082 _aANN OUK 2014 A126 Or.1
100 _aOUK MAKARA, អ៊ុក ម៉ាការា
245 _aAnnual Report, របាយការណ៍ប្រចាំឆ្នាំ២០១៤
260 _aPHNOM PENH
_bRUA
_c2014
300 _avi,
_bill.
_c29cm,
942 _cREC
999 _c25176
_d25176